Statistiques concernant Pokémon- Les Pokémon qui ont perdu par rapport à leur préévolution

Cliquez ici pour prendre le quiz!

Statistiques générales

  • Ce quiz a été pris 11 fois
  • Le résultat moyen est 3 sur 15

Statistiques - réponses

Perdu par rapport à sa préévolutionPokémon concerné% Correct
PoidsLunala
67%
PoidsSolgaleo
67%
PoidsMunja
56%
TailleCosmovum
44%
Type, taille et poidsJoliflor
44%
TailleDracolosse
11%
TailleEctoplasma
11%
PoidsAéromite
0%
PoidsAlakazam
0%
PoidsCorayome
0%
PoidsMeios
0%
Taille et poidsPorygon2
0%
PoidsRosabyss
0%
PoidsSerpang
0%
PoidsTomberro
0%

Distribution des résultats

Percentile par nombre de réponses

% des personnes avec chaque résultat

Votre développement - résultats

Vous n’avez pas pris ce quiz